00472nam a2200121 i 4500001000300000245011700003260002100120830005400141040000800195041000800203008004100211856009800252bg10aStan melioracji w Polsce i kierunki dalszego działania :bmateriały ekspertyzy naukowej gospodarki paszowej... aWarszawa,c1989. aZeszyty Problemowe Postępów Nauk Rolniczych ; cBPK apol s pl f |000 0 pol  uhttp://koha.tu.koszalin.pl/cgi-bin/koha/opac-detail.pl?biblionumber=28965yKatalog online BPK